[Event "Skakligaen 2023-24"]
[Site "Denmark"]
[Date "2024.03.03"]
[Round "7.8"]
[Board "8"]
[White "Thuesen, Mogens Henrik"]
[Black "Nielsen, Jan Mose"]
[Result "1-0"]
[WhiteElo "2086"]
[BlackElo "1944"]
[PlyCount "82"]
[WhiteTeam "Bronshoj"]
[BlackTeam "Koge"]
[EventDate "2023.10.28"]
[EventType "team-tourn"]
[EventRounds "9"]
[EventCountry "DEN"]
[SourceTitle "Carsten Petersen"]
[Table "8"]

1. d4 d5 2. c4 c6 3. Nc3 Nf6 4. Nf3 a6 5. c5 Bf5 
6. Qb3 Ra7 7. Bf4 Nbd7 8. h3 h6 9. e3 e6 10. Be2 Be7 
11. O-O O-O 12. Bh2 Bh7 13. Nd2 Ne8 14. f4 f5 15. Qc2 a5 
16. a3 Qa8 17. Nf3 Nef6 18. Na4 Bd8 19. Bg3 Ne4 20. Kh2 Qb8 
21. Bd3 Bc7 22. Bxe4 fxe4 23. Ne5 Bxe5 24. fxe5 Qc7 25. Rxf8+ Kxf8 
26. Qf2+ Kg8 27. Rf1 Bg6 28. Bh4 Ra8 29. Be7 Re8 30. Bd6 Qd8 
31. Nc3 b6 32. Ne2 bxc5 33. dxc5 Qg5 34. Qf4 Qd8 35. Nd4 Qa8 
36. g4 Qa6 37. h4 h5 38. Rg1 Qd3 39. Qg5 Nxe5 40. Bxe5 Rf8 
41. gxh5 Bxh5 1-0

[Event "Skakligaen 2023-24"]
[Site "Denmark"]
[Date "2024.03.03"]
[Round "7.1"]
[Board "1"]
[White "Rasmussen, Allan Stig"]
[Black "Hector, Jonny"]
[Result "1-0"]
[WhiteElo "2436"]
[BlackElo "2510"]
[PlyCount "121"]
[WhiteTeam "Frem"]
[BlackTeam "Nordkalotten"]
[EventDate "2023.10.28"]
[EventType "team-tourn"]
[EventRounds "9"]
[EventCountry "DEN"]
[SourceTitle "Martin Noer"]
[Table "1"]

1. d4 d5 2. c4 c6 3. Nf3 Nf6 4. Qb3 dxc4 5. Qxc4 Bg4 
6. Nbd2 Nbd7 7. g3 e6 8. Bg2 Be7 9. O-O O-O 10. h3 Bf5 
11. e3 Ne4 12. Qe2 Re8 13. Nc4 c5 14. g4 Bg6 15. Nfe5 Nd6 
16. Nxd6 Bxd6 17. Nxg6 hxg6 18. Bxb7 Rb8 19. dxc5 Nxc5 20. Bc6 Re7 
21. Rd1 Rb6 22. Bf3 e5 23. b4 Na4 24. Qc2 Qe8 25. Bd2 e4 
26. Bg2 Bxb4 27. Bxb4 Rxb4 28. Rd6 Rb2 29. Qc4 Rb6 30. Rd4 Nb2 
31. Qd5 Rb5 32. Qd8 f5 33. Bf1 Rb8 34. Qxe8+ Rbxe8 35. Rb1 Rb8 
36. a4 Kf8 37. Rc1 Nd3 38. Bxd3 exd3 39. gxf5 gxf5 40. Rc5 g6 
41. Rxd3 Rb4 42. Rd6 f4 43. Rf6+ Kg7 44. Rxf4 Rxf4 45. exf4 Re4 
46. Rc7+ Kh6 47. Rxa7 Rxf4 48. Kg2 Rb4 49. a5 Ra4 50. a6 Ra3 
51. Ra8 Kg7 52. a7 Kh7 53. h4 Kg7 54. f4 Ra2+ 55. Kg3 Ra3+ 
56. Kg4 Ra5 57. h5 gxh5+ 58. Kh4 Ra1 59. Kxh5 Kf7 60. Kg4 Kg7 
61. f5 1-0

[Event "Skakligaen 2023-24"]
[Site "Denmark"]
[Date "2024.03.03"]
[Round "7.2"]
[Board "2"]
[White "Brynell, Stellan"]
[Black "Hansen, Mads"]
[Result "1/2-1/2"]
[WhiteElo "2401"]
[BlackElo "2388"]
[PlyCount "47"]
[WhiteTeam "Nordkalotten"]
[BlackTeam "Frem"]
[EventDate "2023.10.28"]
[EventType "team-tourn"]
[EventRounds "9"]
[EventCountry "DEN"]
[SourceTitle "Martin Noer"]
[Table "2"]

1. d4 Nf6 2. Nf3 e6 3. c4 d5 4. Nc3 c6 5. Bg5 dxc4 
6. e4 b5 7. e5 h6 8. Bh4 g5 9. Nxg5 hxg5 10. Bxg5 Nbd7 
11. g3 Bb7 12. Bg2 Qb6 13. exf6 c5 14. d5 O-O-O 15. O-O b4 
16. Rb1 Qa6 17. dxe6 Bxg2 18. e7 Bxf1 19. Kxf1 Qe6 20. Nb5 Qh3+ 
21. Ke1 Qe6+ 22. Kf1 Qh3+ 23. Ke1 Qe6+ 24. Kf1 1/2-1/2

[Event "Skakligaen 2023-24"]
[Site "Denmark"]
[Date "2024.03.03"]
[Round "7.3"]
[Board "3"]
[White "Dyrgaard, Kristoffer"]
[Black "Jepson, Christian"]
[Result "1/2-1/2"]
[WhiteElo "2390"]
[BlackElo "2269"]
[PlyCount "50"]
[WhiteTeam "Frem"]
[BlackTeam "Nordkalotten"]
[EventDate "2023.10.28"]
[EventType "team-tourn"]
[EventRounds "9"]
[EventCountry "DEN"]
[SourceTitle "Martin Noer"]
[Table "3"]

1. e4 c5 2. Nf3 d6 3. d4 cxd4 4. Nxd4 Nf6 5. Nc3 g6 
6. Be3 Bg7 7. f3 O-O 8. Bc4 Nc6 9. Qd2 Nxd4 10. Bxd4 Be6 
11. Nd5 Bxd5 12. Bxd5 Nxd5 13. Bxg7 Kxg7 14. exd5 e5 15. dxe6 fxe6 
16. O-O-O d5 17. Rhe1 Qf6 18. Qe3 Rfe8 19. f4 Rac8 20. g3 b6 
21. Qa3 Re7 22. Re5 Rc5 23. Qe3 Kf8 24. h4 h5 25. Re1 Rec7 
1/2-1/2

[Event "Skakligaen 2023-24"]
[Site "Denmark"]
[Date "2024.03.03"]
[Round "7.4"]
[Board "4"]
[White "Sylvan, Jacob"]
[Black "Ostergreen Johansen, Torben"]
[Result "1-0"]
[WhiteElo "2296"]
[BlackElo "2160"]
[PlyCount "81"]
[WhiteTeam "Nordkalotten"]
[BlackTeam "Frem"]
[EventDate "2023.10.28"]
[EventType "team-tourn"]
[EventRounds "9"]
[EventCountry "DEN"]
[SourceTitle "Martin Noer"]
[Table "4"]

1. c4 e6 2. g3 Nf6 3. Bg2 d5 4. Nf3 Be7 5. O-O O-O 
6. d4 dxc4 7. Qc2 c6 8. Qxc4 b5 9. Qc2 Bb7 10. Nbd2 Nbd7 
11. Nb3 Qb6 12. Bd2 b4 13. Rfc1 a5 14. Nc5 Bxc5 15. dxc5 Qc7 
16. a3 b3 17. Qxb3 Rfb8 18. Qc2 a4 19. e4 Ba6 20. h3 e5 
21. Bb4 Nf8 22. Qc3 Ng6 23. Re1 Bb5 24. Rad1 Rd8 25. Rxd8+ Qxd8 
26. Nxe5 Nxe5 27. Qxe5 Ra7 28. Bc3 h6 29. Bf3 Rd7 30. Bg4 Re7 
31. Qf4 Nxg4 32. Qxg4 Qf8 33. Rd1 f6 34. Qg6 Kh8 35. Rd6 Qe8 
36. Rxf6 Qxg6 37. Rxg6 Kh7 38. Rd6 Kg8 39. f3 Kf7 40. Kf2 h5 
41. h4 1-0

[Event "Skakligaen 2023-24"]
[Site "Denmark"]
[Date "2024.03.03"]
[Round "7.5"]
[Board "5"]
[White "Le Besq, Alexander"]
[Black "Hove, Esben Kjems"]
[Result "1/2-1/2"]
[WhiteElo "2312"]
[BlackElo "2186"]
[PlyCount "106"]
[WhiteTeam "Frem"]
[BlackTeam "Nordkalotten"]
[EventDate "2023.10.28"]
[EventType "team-tourn"]
[EventRounds "9"]
[EventCountry "DEN"]
[SourceTitle "Martin Noer"]
[Table "5"]

1. e4 c6 2. d4 d5 3. exd5 cxd5 4. c4 Nf6 5. Nc3 e6 
6. Nf3 Be7 7. cxd5 Nxd5 8. Bd3 Nc6 9. O-O O-O 10. Re1 Bf6 
11. Be4 Nce7 12. Qd3 g6 13. Ne5 Bg7 14. a3 f6 15. Nc4 b6 
16. b4 Bb7 17. Bb2 Qd7 18. Rad1 Rac8 19. Nd2 Nxc3 20. Bxc3 Nd5 
21. Bb2 Bc6 22. Qg3 Ba4 23. Rc1 Bh6 24. Rxc8 Rxc8 25. Nf1 Bc6 
26. h4 f5 27. Bb1 Bf4 28. Qd3 Bb8 29. g3 f4 30. Qe2 Re8 
31. h5 fxg3 32. fxg3 g5 33. h6 Nf6 34. Ba2 Bd5 35. Qd2 Kf7 
36. Bb1 g4 37. Qf2 Rf8 38. Nh2 Ke8 39. Rf1 Qd6 40. Bc1 Qxg3+ 
41. Qxg3 Bxg3 42. Bg5 Ne4 43. Rxf8+ Kxf8 44. Bxe4 Bxe4 45. Nxg4 Kf7 
46. Ne5+ Bxe5 47. dxe5 Kg6 48. Bd8 b5 49. Kf2 Kxh6 50. Ke3 Bg2 
51. Kf4 Kg6 52. Bh4 Bf1 53. Bf6 Kf7 1/2-1/2

[Event "Skakligaen 2023-24"]
[Site "Denmark"]
[Date "2024.03.03"]
[Round "7.6"]
[Board "6"]
[White "Kristensen, Kaare Hove"]
[Black "Nilssen, Ellen Fredericia"]
[Result "1/2-1/2"]
[WhiteElo "2258"]
[BlackElo "2161"]
[PlyCount "112"]
[WhiteTeam "Nordkalotten"]
[BlackTeam "Frem"]
[EventDate "2023.10.28"]
[EventType "team-tourn"]
[EventRounds "9"]
[EventCountry "DEN"]
[SourceTitle "Martin Noer"]
[Table "6"]

1. c4 e6 2. Nc3 d5 3. d4 a6 4. cxd5 exd5 5. Qb3 c5 
6. Qxd5 cxd4 7. Qxd8+ Kxd8 8. Nd5 Be6 9. e4 dxe3 10. Bxe3 Bxd5 
11. O-O-O Ne7 12. Bc4 Nd7 13. Bxd5 Nxd5 14. Rxd5 Rc8+ 15. Kb1 Bc5 
16. Nf3 Bxe3 17. Ne5 Rc7 18. Rhd1 Kc8 19. Nxf7 Rf8 20. Nd6+ Kb8 
21. fxe3 Nf6 22. R5d4 Rd8 23. h3 Re7 24. Nc4 Rxd4 25. exd4 Nd5 
26. Ne5 Ne3 27. Rd2 Nf5 28. Nf3 Kc7 29. g4 Ng3 30. Kc2 Nf1 
31. Rf2 Ne3+ 32. Kd2 Nc4+ 33. Kd3 b5 34. Ne5 Nb6 35. Rf7 Kd6 
36. b3 Nd5 37. Rxe7 Kxe7 38. a4 Nf4+ 39. Kc3 Ne2+ 40. Kd3 Nc1+ 
41. Kc2 Ne2 42. Nc6+ Kd6 43. axb5 axb5 44. Kd2 Nf4 45. Ne5 b4 
46. Ke3 Nxh3 47. Nc4+ Ke6 48. Nb6 Ng5 49. Na4 Kd5 50. Nc5 Ne6 
51. Nd3 Nxd4 52. Nxb4+ Ke5 53. Nd3+ Kd5 54. Nf4+ Ke5 55. Nd3+ Kd5 
56. Nf4+ Ke5 1/2-1/2

[Event "Skakligaen 2023-24"]
[Site "Denmark"]
[Date "2024.03.03"]
[Round "7.7"]
[Board "7"]
[White "Wilbrandt, Simon Pil"]
[Black "Jakobsen, Peter"]
[Result "0-1"]
[WhiteElo "2185"]
[BlackElo "2132"]
[PlyCount "84"]
[WhiteTeam "Frem"]
[BlackTeam "Nordkalotten"]
[EventDate "2023.10.28"]
[EventType "team-tourn"]
[EventRounds "9"]
[EventCountry "DEN"]
[SourceTitle "Martin Noer"]
[Table "7"]

1. d4 d5 2. c4 e6 3. Nc3 Nf6 4. cxd5 exd5 5. Bg5 c6 
6. e3 h6 7. Bh4 Be7 8. Bd3 O-O 9. f3 Re8 10. Nge2 Nbd7 
11. O-O b5 12. Qc2 Bb7 13. Rae1 a6 14. Bxf6 Bxf6 15. e4 Qb6 
16. Rd1 Bxd4+ 17. Nxd4 Qxd4+ 18. Kh1 Qc5 19. exd5 cxd5 20. Bf5 Rad8 
21. Rfe1 Rxe1+ 22. Rxe1 Nf6 23. Qd3 d4 24. Nb1 Nd5 25. Nd2 Nf4 
26. Bh7+ Kf8 27. Qf5 Qxf5 28. Bxf5 g6 29. g3 gxf5 30. gxf4 Rc8 
31. Nb3 Bxf3+ 32. Kg1 d3 33. Kf2 Be2 34. Ke3 Rc2 35. Rc1 d2 
36. Rxc2 d1=Q 37. Rxe2 Qg1+ 38. Kf3 Qh1+ 39. Rg2 Qb1 40. Nc5 Qd1+ 
41. Ke3 Qc1+ 42. Kd4 Qc4+ 0-1

[Event "Skakligaen 2023-24"]
[Site "Denmark"]
[Date "2024.03.03"]
[Round "7.8"]
[Board "8"]
[White "Nielsen, Lars Aaes"]
[Black "Jensen, Tobias Ilsoe"]
[Result "1-0"]
[WhiteElo "2189"]
[BlackElo "2189"]
[PlyCount "73"]
[WhiteTeam "Nordkalotten"]
[BlackTeam "Frem"]
[EventDate "2023.10.28"]
[EventType "team-tourn"]
[EventRounds "9"]
[EventCountry "DEN"]
[SourceTitle "Martin Noer"]
[Table "8"]

1. e4 c5 2. c3 Nf6 3. e5 Nd5 4. Nf3 Nc6 5. Bc4 Nb6 
6. Bb3 d6 7. exd6 c4 8. Bc2 Qxd6 9. d4 cxd3 10. Qxd3 Qxd3 
11. Bxd3 Bg4 12. Be4 O-O-O 13. Nbd2 f6 14. h3 Bd7 15. O-O e5 
16. a4 a5 17. Nb3 Be6 18. Bxc6 Bxb3 19. Bb5 Nc4 20. Re1 Bc5 
21. Bxc4 Bxc4 22. Nd2 Bf7 23. Ne4 Be7 24. Be3 Kc7 25. b4 axb4 
26. cxb4 Bxb4 27. Reb1 Ba5 28. Rb5 b6 29. Rc1+ Kd7 30. Bxb6 Bxb6 
31. Rxb6 Rb8 32. Rd6+ Ke8 33. Rc7 Bg6 34. Nc5 Rf8 35. Re6+ Kd8 
36. Rd7+ Kc8 37. Rc6# 1-0

[Event "Skakligaen 2023-24"]
[Site "Denmark"]
[Date "2024.04.06"]
[Round "8.1"]
[Board "1"]
[White "Sorensen, Jan"]
[Black "Thybo, Jesper Sondergaard"]
[Result "1/2-1/2"]
[WhiteElo "2366"]
[BlackElo "2544"]
[PlyCount "110"]
[WhiteTeam "AarhusSkolerne"]
[BlackTeam "Hillerod"]
[WhiteTeamCountry "DEN"]
[BlackTeamCountry "DEN"]
[EventDate "2023.10.28"]
[EventType "team-tourn"]
[EventRounds "9"]
[EventCountry "DEN"]
[SourceTitle "Live v. Kasper Jerwiarz"]
[Table "1"]

1. e4 c5 2. Nf3 Nc6 3. Bb5 g6 4. Bxc6 dxc6 5. d3 Bg7 
6. h3 Qc7 7. O-O b6 8. a4 a5 9. Na3 Nf6 10. Be3 O-O 
11. Qd2 Nh5 12. e5 Bh8 13. Nc4 Be6 14. Bh6 Rfd8 15. Qe3 Bd5 
16. g4 Ng7 17. Ng5 Ne6 18. Nxe6 Bxe6 19. Bf4 Rd4 20. Rfe1 Bxc4 
21. dxc4 Rad8 22. c3 Rd3 23. e6 Rxe3 24. exf7+ Kxf7 25. Bxc7 Rxe1+ 
26. Rxe1 Rd2 27. Rb1 Rd7 28. Bxb6 Rb7 29. Bxa5 Ra7 30. Bb6 Rxa4 
31. b3 Ra2 32. Bxc5 Bxc3 33. b4 Rc2 34. Be3 Be5 35. c5 Bb2 
36. Kf1 Ke6 37. Ke1 Bf6 38. b5 cxb5 39. Rxb5 h5 40. g5 Be5 
41. Kf1 Kf5 42. Rb4 Bb2 43. Rf4+ Ke5 44. Rf7 Ke6 45. Rf4 Bc1 
46. Re4+ Kf5 47. Rxe7 Bxe3 48. Rxe3 Rxc5 49. Rg3 Rc4 50. Kg2 h4 
51. Ra3 Kxg5 52. Ra5+ Kh6 53. Kf3 g5 54. Rf5 Kg6 55. Rf8 Ra4 
1/2-1/2

[Event "Skakligaen 2023-24"]
[Site "Denmark"]
[Date "2024.04.06"]
[Round "8.2"]
[Board "2"]
[White "Hansen, Sune Berg"]
[Black "Skytte, Rasmus"]
[Result "1-0"]
[WhiteElo "2508"]
[BlackElo "2345"]
[PlyCount "245"]
[WhiteTeam "Hillerod"]
[BlackTeam "AarhusSkolerne"]
[WhiteTeamCountry "DEN"]
[BlackTeamCountry "DEN"]
[EventDate "2023.10.28"]
[EventType "team-tourn"]
[EventRounds "9"]
[EventCountry "DEN"]
[SourceTitle "Live v. Kasper Jerwiarz"]
[Table "2"]

1. Nf3 Nf6 2. c4 e6 3. g3 d5 4. Bg2 Be7 5. O-O O-O 
6. d4 c5 7. cxd5 exd5 8. Nc3 Nc6 9. dxc5 Bxc5 10. Bg5 d4 
11. Ne4 Be7 12. Bxf6 Bxf6 13. b4 Nxb4 14. Nxf6+ Qxf6 15. Qxd4 Qe7 
16. Qb2 Nc6 17. Rfd1 Be6 18. Ne1 Rac8 19. Nd3 b6 20. Nf4 Bc4 
21. Rac1 Qe5 22. Qxe5 Nxe5 23. Bd5 Ba6 24. h4 g6 25. f3 Rxc1 
26. Rxc1 Rc8 27. Rd1 Kf8 28. Rd4 Bc4 29. a4 Ke7 30. Kf2 Rc5 
31. g4 h6 32. g5 hxg5 33. hxg5 a6 34. Bb7 b5 35. axb5 axb5 
36. Nd5+ Ke6 37. Nb4 Rc7 38. Bd5+ Ke7 39. f4 Nd7 40. Nc6+ Kf8 
41. Bxc4 bxc4 42. Rxc4 Nb8 43. Ne5 Rxc4 44. Nxc4 Nd7 45. Ne5 Nc5 
46. Ke3 Ke7 47. Kd4 Ne6+ 48. Ke4 Ng7 49. Kd5 Nf5 50. Ng4 Ng3 
51. e3 Ne2 52. Nf6 Nc1 53. Ng8+ Kf8 54. Nf6 Ke7 55. Kc4 Ke6 
56. e4 Ne2 57. Nd5 Ng3 58. Kd4 Nh5 59. Ke3 Ng7 60. Nf6 Kd6 
61. Ng4 Ne6 62. Kf3 Nd4+ 63. Kf2 Ke6 64. Ne5 Nb5 65. Ke3 Nd6 
66. Nf3 Nc4+ 67. Kd3 Nd6 68. Nd4+ Kd7 69. f5 gxf5 70. exf5 Ke7 
71. Ke3 Kf8 72. Kf4 Kg7 73. Nf3 Nc4 74. Ne5 Nd6 75. Ng4 Nc4 
76. Nf6 Kf8 77. Nd5 Kg7 78. Ne3 Nd2 79. Kg4 Ne4 80. Nc4 Nf2+ 
81. Kh5 Ne4 82. Kh4 Nc3 83. f6+ Kg8 84. Ne5 Nd5 85. Kh5 Nf4+ 
86. Kg4 Ne6 87. Kf5 Nd4+ 88. Ke4 Ne6 89. Nf3 Nc5+ 90. Kf5 Nd7 
91. Ne5 Nf8 92. Ng4 Nd7 93. Kf4 Nc5 94. Ke5 Nd3+ 95. Kd6 Kf8 
96. Ne5 Nf4 97. Nf3 Ng6 98. Kd7 Nf4 99. Kd6 Ng6 100. Kd5 Kg8 
101. Ke4 Nf8 102. Nd4 Nd7 103. Nf5 Kf8 104. Kd4 Nb6 105. Ne7 Ke8 
106. Nd5 Nd7 107. Nf4 Kf8 108. Nd3 Ke8 109. Ne5 Nf8 110. Ke4 Ne6 
111. Kf5 Nd4+ 112. Kg4 Kf8 113. Kh5 Nf5 114. Nc6 Ng3+ 115. Kh6 Nf5+ 
116. Kh7 Nd6 117. Ne5 Ne4 118. Kh6 Nc5 119. Nxf7 Kxf7 120. g6+ Kg8 
121. f7+ Kf8 122. g7+ Kxf7 123. Kh7 1-0

[Event "Skakligaen 2023-24"]
[Site "Denmark"]
[Date "2024.04.06"]
[Round "8.3"]
[Board "3"]
[White "Vinther Schou, Uffe"]
[Black "Schandorff, Lars"]
[Result "1/2-1/2"]
[WhiteElo "2345"]
[BlackElo "2475"]
[PlyCount "155"]
[WhiteTeam "AarhusSkolerne"]
[BlackTeam "Hillerod"]
[WhiteTeamCountry "DEN"]
[BlackTeamCountry "DEN"]
[EventDate "2023.10.28"]
[EventType "team-tourn"]
[EventRounds "9"]
[EventCountry "DEN"]
[SourceTitle "Live v. Kasper Jerwiarz"]
[Table "3"]

1. e4 c6 2. d4 d5 3. e5 c5 4. dxc5 e6 5. a3 Bxc5 
6. b4 Be7 7. Qg4 Kf8 8. Nf3 a5 9. b5 Nd7 10. c4 Nc5 
11. Be3 Ne4 12. Nbd2 h5 13. Qh3 Nxd2 14. Bxd2 g6 15. Bd3 h4 
16. O-O Rh5 17. Rfe1 Kg7 18. a4 Bd7 19. cxd5 exd5 20. e6 Bxe6 
21. Rxe6 fxe6 22. Nd4 Qd6 23. Nxe6+ Kf7 24. Re1 Re5 25. Bxg6+ Kxg6 
26. Qg4+ Kf7 27. Nf4 Rxe1+ 28. Bxe1 Rd8 29. Bc3 d4 30. Bxd4 Nf6 
31. Qg6+ Kf8 32. g3 hxg3 33. hxg3 Re8 34. Bc5 Qd1+ 35. Kg2 Bxc5 
36. Qxf6+ Kg8 37. Qg6+ Kf8 38. Qf6+ Kg8 39. Qg6+ Kf8 40. Qf5+ Kg8 
41. Qxc5 Qd7 42. Qh5 Qf7 43. Qg5+ Qg7 44. Qd5+ Qf7 45. Qd2 Qc7 
46. Nd5 Qe5 47. Nf4 Qc7 48. Qd4 Re1 49. Qd5+ Qf7 50. Qd8+ Qe8 
51. Qg5+ Kh8 52. Qh4+ Kg8 53. Nd5 Qe6 54. Qd8+ Kf7 55. Qc7+ Kf8 
56. Qb8+ Qe8 57. Qd6+ Kf7 58. Qc7+ Kf8 59. Qd6+ Kf7 60. Qf6+ Kg8 
61. Qf4 Qe6 62. Ne3 b6 63. Qd4 Re2 64. Qd8+ Kf7 65. Qc7+ Kg8 
66. Qb8+ Kf7 67. Qb7+ Kg8 68. Qa8+ Kh7 69. Qb7+ Kg8 70. Qf3 Ra2 
71. Qf4 Qf7 72. Qb8+ Qf8 73. Qe5 Rxf2+ 74. Kg1 Qf6 75. Qd5+ Kh8 
76. Qh5+ Kg7 77. Qg4+ Kh8 78. Qh5+ 1/2-1/2

[Event "Skakligaen 2023-24"]
[Site "Denmark"]
[Date "2024.04.06"]
[Round "8.4"]
[Board "4"]
[White "Percivaldi, Martin"]
[Black "Sobjerg, Erik"]
[Result "0-1"]
[WhiteElo "2395"]
[BlackElo "2273"]
[PlyCount "98"]
[WhiteTeam "Hillerod"]
[BlackTeam "AarhusSkolerne"]
[WhiteTeamCountry "DEN"]
[BlackTeamCountry "DEN"]
[EventDate "2023.10.28"]
[EventType "team-tourn"]
[EventRounds "9"]
[EventCountry "DEN"]
[SourceTitle "Live v. Kasper Jerwiarz"]
[Table "4"]

1. Nf3 d5 2. g3 Nc6 3. d4 Bf5 4. Bg2 Nb4 5. Na3 e6 
6. O-O Bd6 7. c3 Nc6 8. Nb5 h6 9. c4 Nf6 10. c5 Be7 
11. Bf4 Rc8 12. Ne5 Nxe5 13. dxe5 Ne4 14. c6 a6 15. cxb7 Rb8 
16. Nd4 Qd7 17. Nxf5 exf5 18. Qc2 Rxb7 19. Rfd1 O-O 20. Bxe4 fxe4 
21. Qxe4 Rxb2 22. Rxd5 Qg4 23. Qf3 Qe6 24. e4 Rfb8 25. Be3 c6 
26. Rdd1 Rxa2 27. Rac1 Ba3 28. Ra1 a5 29. Ba7 Rb3 30. Qf4 Rxa1 
31. Rxa1 a4 32. Kg2 c5 33. Rd1 c4 34. Rd8+ Kh7 35. Qf5+ g6 
36. Qxe6 fxe6 37. Rd7+ Kg8 38. Rc7 c3 39. Be3 Bb4 40. Bxh6 a3 
41. Ra7 Bc5 42. Ra8+ Kf7 43. Kf3 Rb2 44. g4 a2 45. h4 c2 
46. Kg2 Bxf2 47. Bc1 Bd4 48. h5 gxh5 49. gxh5 Rb1 0-1

[Event "Skakligaen 2023-24"]
[Site "Denmark"]
[Date "2024.04.06"]
[Round "8.5"]
[Board "5"]
[White "Baekgaard, Martin"]
[Black "Storme, Isak"]
[Result "1-0"]
[WhiteElo "2246"]
[BlackElo "2443"]
[PlyCount "39"]
[WhiteTeam "AarhusSkolerne"]
[BlackTeam "Hillerod"]
[WhiteTeamCountry "DEN"]
[BlackTeamCountry "DEN"]
[EventDate "2023.10.28"]
[EventType "team-tourn"]
[EventRounds "9"]
[EventCountry "DEN"]
[SourceTitle "Live v. Kasper Jerwiarz"]
[Table "5"]

1. d4 d5 2. Nf3 Nf6 3. Bf4 c5 4. e3 Nc6 5. Nc3 Bg4 
6. Bb5 e6 7. Qd2 Bxf3 8. gxf3 Qb6 9. O-O-O Rc8 10. Rhg1 Nh5 
11. Be5 f6 12. dxc5 Bxc5 13. Nxd5 Qxb5 14. Nxf6+ Nxf6 15. Bxf6 Nb4 
16. Rxg7 Nd5 17. Be5 Rf8 18. e4 Ne7 19. Bc7 Nd5 20. exd5 1-0

[Event "Skakligaen 2023-24"]
[Site "Denmark"]
[Date "2024.04.06"]
[Round "8.6"]
[Board "6"]
[White "Borge, Nikolaj"]
[Black "Pedersen, Finn"]
[Result "1-0"]
[WhiteElo "2382"]
[BlackElo "2282"]
[PlyCount "75"]
[WhiteTeam "Hillerod"]
[BlackTeam "AarhusSkolerne"]
[WhiteTeamCountry "DEN"]
[BlackTeamCountry "DEN"]
[EventDate "2023.10.28"]
[EventType "team-tourn"]
[EventRounds "9"]
[EventCountry "DEN"]
[SourceTitle "Live v. Kasper Jerwiarz"]
[Table "6"]

1. e4 c6 2. d4 d5 3. e5 Bf5 4. Nf3 e6 5. Be2 Ne7 
6. O-O Nd7 7. Nbd2 b5 8. a4 a6 9. Nb3 Bg4 10. Ne1 Bxe2 
11. Qxe2 Nb6 12. axb5 axb5 13. Rxa8 Qxa8 14. Nd3 Nf5 15. Bd2 Be7 
16. Ra1 Qb8 17. Ra6 O-O 18. Bb4 Rc8 19. c3 Na4 20. g4 Bxb4 
21. gxf5 Bf8 22. fxe6 Qb7 23. exf7+ Kxf7 24. Ra5 Kg8 25. Nbc5 Bxc5 
26. dxc5 Qc7 27. Qg4 Re8 28. Ra6 Qb7 29. Nb4 Rxe5 30. Rxc6 Qe7 
31. Qc8+ Qe8 32. Nd3 Re7 33. Qxe8+ Rxe8 34. Rd6 Re2 35. Rxd5 Nxb2 
36. Nxb2 Rxb2 37. c6 Rc2 38. Rc5 1-0

[Event "Skakligaen 2023-24"]
[Site "Denmark"]
[Date "2024.04.06"]
[Round "8.7"]
[Board "7"]
[White "Hagen, Kresten Skytte"]
[Black "Aagaard, Jacob"]
[Result "0-1"]
[WhiteElo "2121"]
[BlackElo "2425"]
[PlyCount "74"]
[WhiteTeam "AarhusSkolerne"]
[BlackTeam "Hillerod"]
[WhiteTeamCountry "DEN"]
[BlackTeamCountry "DEN"]
[EventDate "2023.10.28"]
[EventType "team-tourn"]
[EventRounds "9"]
[EventCountry "DEN"]
[SourceTitle "Live v. Kasper Jerwiarz"]
[Table "7"]

1. Nf3 c5 2. c4 Nc6 3. Nc3 g6 4. g3 Bg7 5. Bg2 d6 
6. O-O Bg4 7. h3 Bd7 8. e3 Nf6 9. d4 O-O 10. d5 Na5 
11. Qe2 a6 12. e4 b5 13. e5 Ne8 14. e6 fxe6 15. dxe6 Bc6 
16. cxb5 axb5 17. Nxb5 Nb3 18. Rb1 Rxa2 19. Qd3 Nxc1 20. Rfxc1 Rxb2 
21. Rxb2 Bxb2 22. Rxc5 Qa8 23. Rxc6 Qxc6 24. Nh4 Qc5 25. Qe2 Be5 
26. g4 Ng7 27. Nf3 Ra8 28. Nxe5 Ra1+ 29. Kh2 Qxe5+ 30. Qxe5 dxe5 
31. Nc3 Nxe6 32. Bd5 Ra6 33. Ne4 Kg7 34. Kg3 Ra3+ 35. f3 Nd4 
36. Ng5 h6 37. Nf7 e6 0-1

[Event "Skakligaen 2023-24"]
[Site "Denmark"]
[Date "2024.04.06"]
[Round "8.8"]
[Board "8"]
[White "Ostergaard, Jens"]
[Black "Tettinek, Michael"]
[Result "1-0"]
[WhiteElo "2261"]
[BlackElo "2002"]
[PlyCount "117"]
[WhiteTeam "Hillerod"]
[BlackTeam "AarhusSkolerne"]
[WhiteTeamCountry "DEN"]
[BlackTeamCountry "DEN"]
[EventDate "2023.10.28"]
[EventType "team-tourn"]
[EventRounds "9"]
[EventCountry "DEN"]
[SourceTitle "Live v. Kasper Jerwiarz"]
[Table "8"]

1. d4 Nf6 2. Nf3 d6 3. c4 Nbd7 4. Nc3 e5 5. e4 Be7 
6. Be2 O-O 7. O-O a5 8. Be3 exd4 9. Nxd4 Nc5 10. f3 c6 
11. Qd2 Re8 12. Rfd1 Bf8 13. Nxc6 Ncxe4 14. Nxd8 Nxd2 15. Bb6 Rxe2 
16. Nxe2 Nxc4 17. Bd4 Be7 18. Rac1 Bxd8 19. Rxc4 Be6 20. Rcc1 Bxa2 
21. Nc3 Bb3 22. Re1 a4 23. Nb5 d5 24. Nc7 Rb8 25. Ba7 Rc8 
26. Nxd5 Ra8 27. Ne7+ Bxe7 28. Rxe7 b5 29. Rce1 Be6 30. Rb7 h6 
31. Bd4 Bc4 32. Bxf6 gxf6 33. Rd1 Re8 34. Rd2 Kg7 35. Kf2 Re6 
36. h4 Re5 37. Rb8 f5 38. Kg3 Rc5 39. Kf4 Be6 40. Rd4 Bc4 
41. Rb7 Kf6 42. Rd6+ Kg7 43. Rbb6 Be6 44. Rbc6 Rxc6 45. Rxc6 b4 
46. Rb6 a3 47. Rxb4 axb2 48. Rxb2 Kg6 49. Rb6 Kh5 50. g3 Kg6 
51. Ke5 Kh5 52. Rxe6 fxe6 53. Kf6 f4 54. gxf4 Kxh4 55. Kxe6 Kg3 
56. f5 h5 57. f6 h4 58. f7 Kxf3 59. f8=Q+ 1-0

[Event "Skakligaen 2023-24"]
[Site "Denmark"]
[Date "2024.04.06"]
[Round "8.1"]
[Board "1"]
[White "Bjerre, Jonas Buhl"]
[Black "Brunello, Sabino"]
[Result "1/2-1/2"]
[WhiteElo "2646"]
[BlackElo "2515"]
[PlyCount "70"]
[WhiteTeam "Skanderborg"]
[BlackTeam "Koge"]
[WhiteTeamCountry "DEN"]
[BlackTeamCountry "DEN"]
[EventDate "2023.10.28"]
[EventType "team-tourn"]
[EventRounds "9"]
[EventCountry "DEN"]
[SourceTitle "Live v. Kasper Jerwiarz"]
[Table "1"]

1. e4 c5 2. Nf3 e6 3. d4 cxd4 4. Nxd4 Nc6 5. Nc3 Qc7 
6. Ncb5 Qb8 7. Bd3 a6 8. Nxc6 bxc6 9. Nc3 d5 10. O-O Nf6 
11. Qe2 Be7 12. b3 O-O 13. Bb2 a5 14. Na4 Rd8 15. Rad1 g6 
16. c4 Ba6 17. exd5 cxd5 18. Be5 Qa7 19. Qf3 Nd7 20. Ba1 dxc4 
21. Bxc4 Bxc4 22. bxc4 Rac8 23. Qc3 f6 24. Rc1 Qa6 25. Qe3 Rxc4 
26. Nb6 Rxc1 27. Qxe6+ Kf8 28. Nxd7+ Rxd7 29. Qxa6 Rdd1 30. Bc3 a4 
31. Qc8+ Kf7 32. Qc4+ Kf8 33. Qc8+ Kf7 34. Qc4+ Kf8 35. Qc8+ Kf7 
1/2-1/2

[Event "Skakligaen 2023-24"]
[Site "Denmark"]
[Date "2024.04.06"]
[Round "8.2"]
[Board "2"]
[White "Pantzar, Milton"]
[Black "Svane, Frederik"]
[Result "1/2-1/2"]
[WhiteElo "2471"]
[BlackElo "2627"]
[PlyCount "52"]
[WhiteTeam "Koge"]
[BlackTeam "Skanderborg"]
[WhiteTeamCountry "DEN"]
[BlackTeamCountry "DEN"]
[EventDate "2023.10.28"]
[EventType "team-tourn"]
[EventRounds "9"]
[EventCountry "DEN"]
[SourceTitle "Live v. Kasper Jerwiarz"]
[Table "2"]

1. d4 Nf6 2. Nf3 e6 3. c4 d5 4. cxd5 exd5 5. Nc3 c6 
6. Qc2 Bd6 7. Bg5 Be6 8. e3 Nbd7 9. Bf4 Qb8 10. Bxd6 Qxd6 
11. h3 O-O 12. Bd3 Rfe8 13. O-O a5 14. Rac1 g6 15. Rfe1 Qe7 
16. Na4 Qd8 17. Nd2 Nh5 18. a3 Ng7 19. Nb3 Qg5 20. f4 Qg3 
21. Qf2 Qxf2+ 22. Kxf2 Bf5 23. Be2 Re7 24. g4 Be4 25. Nbc5 Nxc5 
26. Rxc5 Ne6 1/2-1/2